বাংলাদেশের রাজনৈতিক ইতিহাস (১৯৯০-১৯৯৯) / (Record no. 76219)
[ view plain ]
| 000 -LEADER | |
|---|---|
| fixed length control field | 00830nam a22002177a 4500 |
| 001 - CONTROL NUMBER | |
| control field | 76219 |
| 003 - CONTROL NUMBER IDENTIFIER | |
| rucl marc code | BD-RjUL |
| 005 - DATE AND TIME OF LATEST TRANSACTION | |
| control field | 20211209082818.0 |
| 008 - FIXED-LENGTH DATA ELEMENTS--GENERAL INFORMATION | |
| fixed length control field | 191113s2000 bg ||||| |||| 00| 0 ben d |
| 035 ## - SYSTEM CONTROL NUMBER | |
| System control number | (BD-RjUL)76440 |
| 040 ## - CATALOGING SOURCE | |
| Original cataloging agency | BD-RjUL |
| Language of cataloging | eng |
| Transcribing agency | BD-RjUL |
| 041 ## - LANGUAGE CODE | |
| Language code of text/sound track or separate title | eng |
| 082 ## - DEWEY DECIMAL CLASSIFICATION NUMBER | |
| Edition number | 23 |
| Classification number | 954.9205 |
| Author mark and year | HAB 2000 |
| 100 ## - MAIN ENTRY--PERSONAL NAME | |
| Personal name | হাননান, মোহাম্মদ |
| 9 (RLIN) | 234834 |
| 245 ## - TITLE STATEMENT | |
| Title | বাংলাদেশের রাজনৈতিক ইতিহাস (১৯৯০-১৯৯৯) / |
| Statement of responsibility, etc. | মোহাম্মদ হাননান |
| 260 ## - PUBLICATION, DISTRIBUTION, ETC. (IMPRINT) | |
| Place of publication, distribution, etc. | ঢাকা : |
| Name of publisher, distributor, etc. | মাওলা ব্রাদার্স, |
| Date of publication, distribution, etc. | ২০০০ |
| 300 ## - PHYSICAL DESCRIPTION | |
| Pagination | ১০৬৮ পৃ. ; |
| Size | ২২ সেমি. |
| 650 ## - SUBJECT ADDED ENTRY--TOPICAL TERM | |
| Topical term or geographic name as entry element | Politics and government |
| 9 (RLIN) | 234835 |
| 651 ## - SUBJECT ADDED ENTRY--GEOGRAPHIC NAME | |
| Geographic name | Bangladesh |
| General subdivision | Politics and government |
| Chronological subdivision | 1971- |
| 9 (RLIN) | 234836 |
| 942 ## - ADDED ENTRY ELEMENTS (KOHA) | |
| Source of classification or shelving scheme | Dewey Decimal Classification |
| Koha item type | Books |
| Lost status | Source of classification or shelving scheme | Damaged status | Not for loan | Permanent Location | Current Location | Shelving location | Date acquired | Source of acquisition | Cost, normal purchase price | Total Checkouts | Full call number | Date last seen | Copy number | Koha item type | Date checked out |
|---|---|---|---|---|---|---|---|---|---|---|---|---|---|---|---|
| Dewey Decimal Classification | Not For Loan | Central Library, University of Rajshahi | Central Library, University of Rajshahi | Reading Room | 12/11/2019 | Vidyasagar, Rajshahi | 700.00 | B 954.9205 HAB 2000 | 13/11/2019 | C-1 | Books | ||||
| Dewey Decimal Classification | Central Library, University of Rajshahi | Central Library, University of Rajshahi | 12/11/2019 | Vidyasagar, Rajshahi | 700.00 | 4 | B 954.9205 HAB 2000 | 26/04/2026 | C-2 | Books | 05/03/2026 |